Most Spoken European Languages (Easy) - Statistics

General Stats
  • This quiz has been taken 269 times
  • The average score is 36 of 50
Answer Stats
Speakers Biggest City Language % Correct
95,000,000 Berlin German
100%
59,800,000 London English
99%
60,000,000 Rome Italian
99%
95,000,000 Moscow Russian
99%
65,700,000 Paris French
98%
45,000,000 Madrid Spanish
98%
38,863,780 Warsaw Polish
96%
21,944,690 Amsterdam Dutch
94%
13,432,490 Athens Greek
93%
10,000,000 Lisbon Portuguese
92%
9,197,090 Stockholm Swedish
92%
10,619,340 Prague Czech
91%
12,606,130 Budapest Hungarian
91%
19,000,000 Istanbul Turkish
91%
32,600,000 Kiev Ukrainian
89%
23,782,990 Bucharest Romanian
88%
5,522,490 Copenhagen Danish
87%
5,391,180 Helsinki Finnish
87%
4,700,000 Oslo Norwegian
87%
8,157,770 Sofia Bulgarian
86%
5,752,090 Zagreb Croatian
86%
8,957,906 Belgrade Serbian
86%
1,752,260 Riga Latvian
84%
5,187,740 Bratislava Slovak
84%
5,367,000 Tirana Albanian
83%
3,312,610 Minsk Belarusian
81%
1,165,400 Tallinn Estonian
81%
3,001,860 Vilnius Lithuanian
81%
10,000,000 Barcelona Catalan
80%
2,225,290 Sarajevo Bosnian
79%
5,902,970 Yerevan Armenian
76%
24,226,940 Baku Azerbaijani
76%
4,237,710 Tbilisi Georgian
72%
1,407,810 Skopje Macedonian
71%
2,085,000 Ljubljana Slovene
69%
4,700,000 Palermo Sicilian
65%
5,290,000 Almaty Kazakh
57%
3,852,500 Venice Venetian
53%
1,200,000 Cagliari Sardinian
47%
1,540,000 Glasgow Scots
47%
5,700,000 Naples Neapolitan
41%
3,903,000 Milan Lombard
40%
5,400,000 Nizhny Novgorod Tatar
39%
2,355,000 Vigo Galician
33%
1,600,000 Turin Piedmontese
25%
1,361,000 Makhachkala Chechen
24%
1,221,000 Ufa Bashkir
14%
1,077,420 Cheboksary Chuvash
14%
1,546,690 Kiev Yiddish
12%
1,628,500 Nalchik Kabardian
6%
No matching quizzes found
Score Distribution
Percent of People with Each Score
Percentile by Number Answered
Your Score History
You have not taken this quiz